000 00596nam a2200241Ia 4500
003 OSt
005 20220918201003.0
006 a|||||r|||| 00| 0
007 ta
008 220917b |||||||| |||| 00| 0 eng d
024 _a91,087
037 _cTextual
040 _aARTS
_cARTS
_beng
041 _2eng
_aeng
082 _aVz7, H9
100 _aWavell Earl
_996258
245 0 _aNational and internationasl history
260 _c1949
490 _aStevenson Memorial lecture; 1
650 _aHISTORY
942 _hVz7, H9
_cTEXL
_2CC
999 _c214747
_d214747